[Event "Continental"]
[Site "Sao Paulo BRA"]
[Date "2009.08.01"]
[Round "10.38"]
[White "Bachmann Schiavo, Axel"]
[Black "Dias, Anderson Tatsch"]
[Result "1-0"]
[WhiteElo "2559"]
[BlackElo "2199"]
[EventDate "2009.07.25"]
[PlyCount "45"]

1.e4 c5 2.Nf3 e6 3.d4 cxd4 4.Nxd4 Qb6 5.Nb3 Qc7 6.Nc3 a6 7.Bd3 Nf6 8.O-O 
d6 9.f4 Nc6 10.Qf3 Be7 11.Be3 O-O 12.Rae1 e5 13.f5 b5 14.g4 h6 15.a3 b4 
16.Nd5 Nxd5 17.exd5 Na5 18.f6 Bxf6 19.Qe4 Re8 20.Nxa5 Qxa5 21.Rxf6 gxf6 
22.Bxh6 f5 23.gxf5 1-0

[Event "Continental"]
[Site "Sao Paulo BRA"]
[Date "2009.08.01"]
[Round "10.39"]
[White "Leon Hoyos, Manuel"]
[Black "Ferreira, Henrique Camara"]
[Result "1-0"]
[WhiteElo "2525"]
[BlackElo "2198"]
[EventDate "2009.07.25"]
[PlyCount "55"]

1.e4 e6 2.d3 d5 3.Qe2 Nf6 4.e5 Nfd7 5.f4 c5 6.Nf3 Nc6 7.g3 Be7 8.Bg2 b5 9.
O-O Qc7 10.Be3 a5 11.Nbd2 a4 12.Bf2 a3 13.b3 Nb6 14.c4 bxc4 15.bxc4 d4 16.
g4 Na4 17.Ne4 Rb8 18.Bg3 Rb2 19.Nfd2 O-O 20.g5 g6 21.Qg4 Nb4 22.Qh3 Kh8 
23.f5 Rxd2 24.Nxd2 exf5 25.e6 Bd6 26.Qh6 Kg8 27.Rxf5 Bxe6 28.Ne4 1-0

[Event "Continental"]
[Site "Sao Paulo BRA"]
[Date "2009.08.01"]
[Round "10.40"]
[White "Bhat, Vinay"]
[Black "Campos, Alexandre Ferreira"]
[Result "1-0"]
[WhiteElo "2473"]
[BlackElo "2194"]
[EventDate "2009.07.25"]
[PlyCount "73"]

1.d4 Nf6 2.Bg5 d5 3.e3 e6 4.Nd2 Nbd7 5.Bd3 Be7 6.f4 c5 7.c3 c4 8.Bc2 b5 9.
a3 Bb7 10.Qf3 a5 11.Ne2 Qc7 12.O-O Bc6 13.Qh3 Ne4 14.Bxe4 dxe4 15.Bxe7 
Kxe7 16.f5 Nf6 17.fxe6 fxe6 18.Nf4 Bd5 19.Nh5 Nxh5 20.Qxh5 g6 21.Qg5+ Kd6 
22.Nxe4+ Kc6 23.Nf6 Kb6 24.Nxd5+ exd5 25.Qxd5 Rhf8 26.a4 Qc6 27.Qxc6+ Kxc6
28.axb5+ Kxb5 29.Rxf8 Rxf8 30.e4 g5 31.e5 h5 32.e6 Ra8 33.e7 Re8 34.Re1 
Ka4 35.Re5 g4 36.g3 h4 37.gxh4 1-0

[Event "Continental"]
[Site "Sao Paulo BRA"]
[Date "2009.08.01"]
[Round "10.41"]
[White "Aguilar, Andres"]
[Black "Alvarez Marquez, Johann"]
[Result "1/2-1/2"]
[WhiteElo "2191"]
[BlackElo "2431"]
[EventDate "2009.07.25"]
[PlyCount "162"]

1.e4 c5 2.Nc3 Nc6 3.g3 g6 4.Bg2 Bg7 5.d3 d6 6.f4 e5 7.Nh3 Nge7 8.O-O h6 9.
Be3 Nd4 10.Rf2 Be6 11.f5 gxf5 12.Qh5 Qd7 13.Raf1 f4 14.gxf4 Bg4 15.Qh4 Ng6
16.Qg3 exf4 17.Bxf4 O-O-O 18.Bxd6 h5 19.Rxf7 Qxd6 20.Qxd6 Rxd6 21.Rxg7 
Nxc2 22.Nd5 Nh4 23.Rc1 Nxg2 24.Kxg2 Rxd5 25.Nf4 Rd7 26.Rxd7 Kxd7 27.Rxc2 
b6 28.Kf2 Be6 29.Nxe6 Kxe6 30.Ke3 Rg8 31.d4 cxd4+ 32.Kxd4 Rd8+ 33.Ke3 Rd1 
34.Rf2 h4 35.Kf4 h3 36.Kg3 Rd3+ 37.Kf4 Rd1 38.Kg3 Rd3+ 39.Kf4 Rd1 40.Rf3 
Rd2 41.Rxh3 Rf2+ 42.Ke3 Rxb2 43.Rh6+ Ke5 44.Rh5+ Kd6 45.a4 Ra2 46.a5 bxa5 
47.h4 a4 48.Ra5 a3 49.Kf4 Ra1 50.Ra6+ Ke7 51.Ke5 a2 52.Rxa7+ Kf8 53.h5 Rh1
54.Rxa2 Rxh5+ 55.Ke6 Rh4 56.e5 Re4 57.Ra8+ Kg7 58.Ra7+ Kf8 59.Rf7+ Ke8 60.
Ra7 Kf8 61.Ra6 Re1 62.Ra8+ Kg7 63.Re8 Ra1 64.Rd8 Re1 65.Kd6 Kf7 66.Rd7+ 
Ke8 67.Rb7 Re2 68.Ke6 Kf8 69.Rb5 Re1 70.Rd5 Re2 71.Rd8+ Kg7 72.Re8 Ra2 73.
Rd8 Re2 74.Rd7+ Kf8 75.Rh7 Re1 76.Rh5 Ra1 77.Kf6 Rf1+ 78.Ke6 Ra1 79.Rh8+ 
Kg7 80.Rd8 Re1 81.Kd6 Kf7 1/2-1/2

[Event "Continental"]
[Site "Sao Paulo BRA"]
[Date "2009.08.01"]
[Round "10.42"]
[White "Van Riemsdijk, Herman Claudius"]
[Black "Cominato Neto, Jose Luis"]
[Result "1/2-1/2"]
[WhiteElo "2380"]
[BlackElo "2184"]
[EventDate "2009.07.25"]
[PlyCount "85"]

1.e4 c6 2.c4 d5 3.exd5 cxd5 4.cxd5 Nf6 5.Nc3 Nxd5 6.Nf3 Nc6 7.d4 e6 8.Bd3 
Be7 9.O-O O-O 10.Re1 Bf6 11.Bb1 Nxc3 12.bxc3 b6 13.Qd3 g6 14.Bh6 Re8 15.a3
Ne7 16.Ba2 Nf5 17.Bf4 Bb7 18.Ne5 Rc8 19.Rac1 Bg5 20.Qd2 Bxf4 21.Qxf4 h5 
22.f3 Kg7 23.Bb1 Qh4 24.Qxh4 Nxh4 25.Be4 Bxe4 26.fxe4 f6 27.Nd3 g5 28.Kf2 
Red8 29.g3 Ng6 30.Ke3 h4 31.c4 hxg3 32.hxg3 f5 33.exf5 exf5 34.d5 Kf6 35.
Kd4 Re8 36.c5 bxc5+ 37.Rxc5 Rxe1 38.Nxe1 Rxc5 39.Kxc5 Ne5 40.Kd4 f4 41.
gxf4 gxf4 42.Ke4 f3 43.Nxf3 1/2-1/2

[Event "Continental"]
[Site "Sao Paulo BRA"]
[Date "2009.08.01"]
[Round "10.43"]
[White "Chemin, Vitorio"]
[Black "Della Morte, German"]
[Result "1/2-1/2"]
[WhiteElo "2228"]
[BlackElo "2372"]
[EventDate "2009.07.25"]
[PlyCount "147"]

1.d4 Nf6 2.Nf3 g6 3.Bf4 Bg7 4.e3 d6 5.Be2 O-O 6.O-O Nh5 7.Bg5 h6 8.Bh4 g5 
9.Nfd2 gxh4 10.Bxh5 c5 11.c3 f5 12.Nb3 Nd7 13.N1d2 Nf6 14.Bf3 Qc7 15.Qe2 
cxd4 16.cxd4 d5 17.Qb5 Qd6 18.Qc5 Qxc5 19.Nxc5 b6 20.Na4 Ba6 21.Rfc1 Rac8 
22.Rxc8 Rxc8 23.Nc3 e6 24.a4 Bf8 25.a5 b5 26.Nb3 b4 27.Na4 Nd7 28.Bd1 Bb5 
29.f3 Rc6 30.Kf2 Bd6 31.g3 hxg3+ 32.hxg3 Kf7 33.Nac5 Bxc5 34.dxc5 e5 35.f4
Nxc5 36.fxe5 Nxb3 37.Bxb3 Ke6 38.Rd1 Bc4 39.Ba4 Rc5 40.Rh1 Kxe5 41.Rxh6 
Rxa5 42.Bd7 d4 43.exd4+ Kxd4 44.Rh4+ Kc5 45.Bxf5 b3 46.Ke3 Ra2 47.Kd2 Bd5 
48.Kc3 Ra1 49.Rh5 Kd6 50.Kd4 Ra4+ 51.Kd3 a5 52.Rh6+ Kc5 53.Rh5 Rd4+ 54.Ke3
a4 55.Rh4 Rd1 56.Rxa4 Bc4 57.g4 Rg1 58.Ra8 Rg3+ 59.Kf2 Rh3 60.Be4 Rh2+ 61.
Bg2 Rxg2+ 62.Kxg2 Bd5+ 63.Kf2 Bxa8 64.Ke3 Bd5 65.Kd3 Kd6 66.Kd4 Bf7 67.g5 
Ke6 68.Kc3 Kf5 69.Kd2 Kf4 70.Kc1 Ke3 71.Kb1 Kd3 72.Ka1 Bg6 73.Kb1 Kd2+ 74.
Ka1 1/2-1/2

[Event "Continental"]
[Site "Sao Paulo BRA"]
[Date "2009.08.01"]
[Round "10.44"]
[White "Calcado, Acyr Rogerio"]
[Black "Molina, Roberto Junio Brito"]
[Result "1/2-1/2"]
[WhiteElo "2201"]
[BlackElo "2370"]
[EventDate "2009.07.25"]
[PlyCount "80"]

1.e4 c5 2.Nf3 Nf6 3.e5 Nd5 4.d4 cxd4 5.c3 Nc6 6.cxd4 d6 7.exd6 Qxd6 8.Be2 
e6 9.O-O Be7 10.Nc3 O-O 11.a3 Nxc3 12.bxc3 b6 13.Be3 Bb7 14.c4 Rfd8 15.Qa4
Bf6 16.Rfd1 Rac8 17.Rac1 Qb8 18.h3 Qa8 19.c5 Ne7 20.Ba6 Bxa6 21.Qxa6 Nd5 
22.Qe2 Rc6 23.Bg5 Rdc8 24.Bxf6 gxf6 25.Nd2 bxc5 26.dxc5 Rxc5 27.Rxc5 Rxc5 
28.Ne4 Rc7 29.Rxd5 exd5 30.Nxf6+ Kh8 31.Qd3 Rc1+ 32.Kh2 Qb8+ 33.g3 Qb1 34.
Qxd5 Rc8 35.Qe5 Qg6 36.Nd5+ Qg7 37.Qf5 Rc5 38.Qd7 Qe5 39.Qxf7 Rc8 40.Ne7 
Ra8 1/2-1/2

[Event "Continental"]
[Site "Sao Paulo BRA"]
[Date "2009.08.01"]
[Round "10.45"]
[White "Toth, Christian Endre"]
[Black "Gomez, Gustavo Pizzocaro"]
[Result "1-0"]
[WhiteElo "2357"]
[BlackElo "2173"]
[EventDate "2009.07.25"]
[PlyCount "59"]

1.d4 Nf6 2.c4 e6 3.Nc3 Bb4 4.Qc2 c5 5.dxc5 Bxc5 6.Nf3 Nc6 7.Bg5 Be7 8.e4 
a6 9.e5 Ng4 10.Bf4 f5 11.exf6 Nxf6 12.Be2 O-O 13.O-O Nh5 14.Be3 Nf4 15.
Rfd1 Nxe2+ 16.Qxe2 b5 17.cxb5 axb5 18.Nxb5 Ba6 19.a4 d5 20.Rac1 Qd7 21.Bc5
Rae8 22.Qd2 Bb7 23.b3 Bxc5 24.Rxc5 Qe7 25.Rc3 Rc8 26.Re3 Rfe8 27.Rde1 Nd8 
28.Nbd4 Qf6 29.Ne5 Nf7 30.Nxf7 1-0

[Event "Continental"]
[Site "Sao Paulo BRA"]
[Date "2009.08.01"]
[Round "10.46"]
[White "Macias Murillo, Bryan"]
[Black "Lucena, Lincoln"]
[Result "1-0"]
[WhiteElo "2335"]
[BlackElo "2150"]
[EventDate "2009.07.25"]
[PlyCount "73"]

1.d4 e6 2.c4 d5 3.Nc3 Be7 4.cxd5 exd5 5.Bf4 c6 6.e3 Bf5 7.g4 Be6 8.Be2 Nd7
9.Bg3 Nh6 10.Nh3 f5 11.Nf4 Bf7 12.h3 Bh4 13.Rg1 Bxg3 14.Rxg3 fxg4 15.hxg4 
Qe7 16.Qc2 g5 17.Nd3 Bg6 18.O-O-O Qd6 19.Qb3 O-O-O 20.Na4 Rhf8 21.Nac5 b6 
22.Nxd7 Rxd7 23.Rg2 Be4 24.f3 Rxf3 25.Ne5 Rh3 26.Rf2 Rg7 27.Rdf1 Rh1 28.
Rxh1 Bxh1 29.Bd3 Kb7 30.Qc2 Rc7 31.Kb1 c5 32.Qa4 a5 33.Qe8 Re7 34.Qf8 cxd4
35.exd4 Re6 36.Qg7+ Qc7 37.Ba6+ 1-0

[Event "Continental"]
[Site "Sao Paulo BRA"]
[Date "2009.08.01"]
[Round "10.47"]
[White "Nogueira, Ivan Kuhlmann"]
[Black "Bispo, Leonardo"]
[Result "1-0"]
[WhiteElo "2335"]
[BlackElo "2129"]
[EventDate "2009.07.25"]
[PlyCount "81"]

1.e4 e5 2.d4 Qh4 3.Nf3 Qxe4+ 4.Be2 exd4 5.O-O Be7 6.Nxd4 Bf6 7.Nb5 Qc6 8.
N1c3 Ne7 9.Bf3 d5 10.Nxd5 Nxd5 11.Qxd5 O-O 12.Qxc6 Nxc6 13.Nxc7 Rb8 14.Nd5
Be5 15.c3 Be6 16.Re1 f6 17.Be3 Rfd8 18.Rad1 Bf7 19.b3 Re8 20.c4 Rbd8 21.g3
Bd6 22.Bg2 Nb4 23.Nxb4 Bxb4 24.Bxb7 Bxe1 25.Rxe1 Re5 26.c5 Be6 27.f4 Rh5 
28.Bf3 Rhd5 29.Bxd5 Bxd5 30.f5 Be4 31.g4 Bf3 32.h3 h5 33.Kf2 hxg4 34.Kg3 
Rd3 35.hxg4 Bc6 36.Kf4 Kf7 37.Rc1 Ke7 38.Rc2 Rd1 39.Kg3 Rf1 40.Bf2 a5 41.
Re2+ 1-0

[Event "Continental"]
[Site "Sao Paulo BRA"]
[Date "2009.08.01"]
[Round "10.48"]
[White "Sega, Carlos Alberto"]
[Black "Pires, Marcos Vinicius Torsani"]
[Result "1/2-1/2"]
[WhiteElo "2293"]
[BlackElo "2100"]
[EventDate "2009.07.25"]
[PlyCount "34"]

1.c4 e5 2.Nc3 Nf6 3.Nf3 Nc6 4.e4 Bb4 5.d3 h6 6.Be2 O-O 7.O-O Bxc3 8.bxc3 
d6 9.Ne1 Ne7 10.f4 exf4 11.Bxf4 Ng6 12.Bg3 Re8 13.Nc2 c6 14.Nd4 Qe7 15.Rf2
a6 16.Qd2 c5 17.Nf5 Bxf5 1/2-1/2

[Event "Continental"]
[Site "Sao Paulo BRA"]
[Date "2009.08.01"]
[Round "10.49"]
[White "Gonzalez, Bolivar Ribeiro"]
[Black "Feliciano, Vanessa"]
[Result "1-0"]
[WhiteElo "2292"]
[BlackElo "2112"]
[EventDate "2009.07.25"]
[PlyCount "131"]

1.e4 d6 2.d4 Nf6 3.Nc3 g6 4.f3 c6 5.Be3 b5 6.Qd2 Nbd7 7.g4 h6 8.h4 Nb6 9.
b3 Bg7 10.Rd1 Qc7 11.Bh3 h5 12.g5 Nfd7 13.f4 e6 14.f5 exf5 15.exf5 gxf5 
16.Bxf5 Nf8 17.Qf2 Bxf5 18.Qxf5 d5 19.Nce2 Ng6 20.Rd3 Nc8 21.Qf3 Nd6 22.
Ng3 O-O-O 23.N1e2 Rhe8 24.Nxh5 Bh8 25.Nhg3 Kb7 26.h5 Nf8 27.O-O Ne6 28.Qg4
Qe7 29.c3 Rg8 30.Nf5 Nxf5 31.Rxf5 Rde8 32.Kf1 Qd7 33.Qf3 Re7 34.Bd2 Ng7 
35.Rf4 Ne8 36.Re3 Nd6 37.Qg4 Ne4 38.Qxd7+ Rxd7 39.Rexe4 dxe4 40.Rxe4 Bg7 
41.Ng3 Bf8 42.Nf5 Rd5 43.Re5 Kc7 44.Ke2 Kd7 45.Kf3 Rxe5 46.dxe5 c5 47.Be3 
Ke6 48.Ke4 a6 49.a4 b4 50.h6 Rh8 51.Bc1 Rg8 52.Kf4 Rh8 53.Kg4 Rg8 54.Kf4 
Rh8 55.Be3 Rg8 56.Ke4 Rh8 57.Nh4 Be7 58.Ng2 Rg8 59.Nf4+ Kd7 60.h7 Rh8 61.
e6+ fxe6 62.g6 Bf6 63.Nh5 Bxc3 64.Bxc5 a5 65.Bd4 e5 66.Bxe5 1-0

[Event "Continental"]
[Site "Sao Paulo BRA"]
[Date "2009.08.01"]
[Round "10.50"]
[White "Barrera Meza, Carlos"]
[Black "Barbosa, Evandro Amorim"]
[Result "0-1"]
[WhiteElo "2177"]
[BlackElo "2279"]
[EventDate "2009.07.25"]
[PlyCount "98"]

1.e4 c5 2.Nf3 Nc6 3.d4 cxd4 4.Nxd4 Nf6 5.Nc3 e5 6.Ndb5 d6 7.Bg5 a6 8.Bxf6 
gxf6 9.Na3 b5 10.Nd5 Bg7 11.c3 f5 12.Bd3 Ne7 13.Nxe7 Qxe7 14.Nc2 Qb7 15.
Qf3 O-O 16.O-O d5 17.exf5 e4 18.Qg3 Bxf5 19.Nd4 Bg6 20.Be2 b4 21.Rac1 Qb6 
22.h4 h6 23.Rfd1 Rac8 24.h5 Bh7 25.Qe3 bxc3 26.bxc3 Qa5 27.c4 dxc4 28.Bxc4
Rcd8 29.Nc6 Rxd1+ 30.Rxd1 Qxh5 31.Be2 Qh4 32.Bxa6 f5 33.g3 Qf6 34.Bb5 Kh8 
35.a4 Bg6 36.Qf4 Bh5 37.Rd6 Qa1+ 38.Kh2 Kh7 39.Rd7 Bf3 40.Rxg7+ Kxg7 41.
Qe5+ Qxe5 42.Nxe5 Rd8 43.Nxf3 exf3 44.g4 fxg4 45.Kg3 h5 46.Kh4 Kh6 47.Bc6 
Rd1 48.a5 Rh1+ 49.Kg3 Kg5 0-1

[Event "Continental"]
[Site "Sao Paulo BRA"]
[Date "2009.08.01"]
[Round "10.51"]
[White "Espinoza Palomino, Willyam"]
[Black "Santana, Anderson Pereira"]
[Result "1-0"]
[WhiteElo "2272"]
[BlackElo "2063"]
[EventDate "2009.07.25"]
[PlyCount "65"]

1.e4 c5 2.Nf3 e6 3.d4 cxd4 4.Nxd4 Nf6 5.Nc3 Bb4 6.e5 Nd5 7.Bd2 Nxc3 8.bxc3
Ba5 9.Qg4 O-O 10.Bd3 d6 11.Nf3 g6 12.h4 dxe5 13.h5 f5 14.Qh3 g5 15.Qg3 h6 
16.Nxg5 f4 17.Bh7+ Kh8 18.Qf3 Qxg5 19.Bd3 Nd7 20.g3 Nf6 21.gxf4 exf4 22.
Qe2 e5 23.O-O-O Nd5 24.Rdg1 Qe7 25.Rg6 Rf6 26.Rhg1 Rxg6 27.Rxg6 Bxc3 28.
Rxh6+ Kg8 29.Bc4 Be6 30.Bxc3 Nxc3 31.Qg4+ Qg7 32.Qxe6+ Kf8 33.Rf6+ 1-0

[Event "Continental"]
[Site "Sao Paulo BRA"]
[Date "2009.08.01"]
[Round "10.52"]
[White "Caldeira Marques, Adriano"]
[Black "Delai, Paula Fernanda"]
[Result "1-0"]
[WhiteElo "2268"]
[BlackElo "2042"]
[EventDate "2009.07.25"]
[PlyCount "41"]

1.e4 d6 2.d4 Nf6 3.Nc3 c6 4.f4 Qa5 5.Bd3 e5 6.Nf3 Nbd7 7.a3 Be7 8.Bd2 Qc7 
9.O-O exd4 10.Nxd4 Nc5 11.Kh1 Nxd3 12.cxd3 O-O 13.Nf3 Re8 14.f5 b5 15.Rc1 
Qb6 16.d4 Bf8 17.Qc2 Bd7 18.Rce1 Rac8 19.e5 Nd5 20.e6 fxe6 21.fxe6 1-0

[Event "Continental"]
[Site "Sao Paulo BRA"]
[Date "2009.08.01"]
[Round "10.53"]
[White "Terao, Juliana Sayumi"]
[Black "Pereira, Silvio Cunha"]
[Result "0-1"]
[WhiteElo "2168"]
[BlackElo "2261"]
[EventDate "2009.07.25"]
[PlyCount "62"]

1.e4 e5 2.Nf3 Nc6 3.Bb5 a6 4.Ba4 Nf6 5.d3 b5 6.Bb3 Be7 7.c3 O-O 8.O-O d5 
9.Qe2 d4 10.Rd1 Bg4 11.h3 Bxf3 12.Qxf3 Na5 13.Bc2 c5 14.Qg3 Qd6 15.Nd2 
Rab8 16.a3 Nh5 17.Qf3 Qg6 18.Re1 Rfd8 19.Nf1 Bg5 20.cxd4 cxd4 21.b4 Rdc8 
22.Bd1 Rxc1 23.Rxc1 Bxc1 24.Qxh5 Nc6 25.Qxg6 hxg6 26.Bb3 Bxa3 27.Ra1 Bxb4 
28.Rxa6 Nd8 29.Rxg6 Ne6 30.Bxe6 fxe6 31.Rxe6 Bc3 0-1

[Event "Continental"]
[Site "Sao Paulo BRA"]
[Date "2009.08.01"]
[Round "10.54"]
[White "Barreto Filho, Carlos Alberto"]
[Black "Marques, Joao Paulo Cassemiro"]
[Result "1-0"]
[WhiteElo "2257"]
[BlackElo "1593"]
[EventDate "2009.07.25"]
[PlyCount "32"]

1.e4 e5 2.f4 d5 3.exd5 e4 4.d3 Nf6 5.dxe4 Nxe4 6.Nf3 Bc5 7.Qe2 Qxd5 8.Nfd2
Kd8 9.Nxe4 Re8 10.Nbc3 Bb4 11.Be3 Bd7 12.Kf2 Qa5 13.Rd1 c6 14.Nd6 Bxd6 15.
Rxd6 g5 16.Qd2 Kc7 1-0

[Event "Continental"]
[Site "Sao Paulo BRA"]
[Date "2009.08.01"]
[Round "10.55"]
[White "Condori Aranya, Edwin"]
[Black "Pinheiro, Iung Alicio de Oliveira"]
[Result "1-0"]
[WhiteElo "2160"]
[BlackElo "2257"]
[EventDate "2009.07.25"]
[PlyCount "168"]

1.c4 e5 2.g3 Nc6 3.Bg2 d6 4.Nc3 Be6 5.d3 Qd7 6.Rb1 g6 7.b4 Bg7 8.Bd2 a6 9.
a4 Nge7 10.b5 axb5 11.axb5 Nd8 12.Nd5 O-O 13.e3 Nc8 14.Ne2 c6 15.bxc6 bxc6
16.Ndc3 Bh3 17.O-O Bxg2 18.Kxg2 Ne6 19.Ng1 Nc5 20.Qc2 Ne7 21.Nce2 Nf5 22.
e4 Ne7 23.f4 f5 24.Nf3 Ra3 25.Bc3 Ne6 26.fxe5 Rfa8 27.Ra1 fxe4 28.dxe4 d5 
29.Rxa3 Rxa3 30.exd5 cxd5 31.Bb4 Nf5 32.Bd2 d4 33.Nf4 Nc5 34.Nd5 Qa7 35.
Rb1 h6 36.g4 Ne3+ 37.Bxe3 Ra2 38.Rb2 Rxb2 39.Qxb2 dxe3 40.Nxe3 Nd3 41.Qd2 
Nf4+ 42.Kg3 Ne6 43.Qd5 Qf7 44.Ng2 Kh7 45.h4 Qe8 46.Nf4 Nf8 47.e6 Bf6 48.g5
hxg5 49.hxg5 Be7 50.Kg4 Qc8 51.Ne5 Qa6 52.Qh1+ Kg8 53.Qd5 Qa1 54.Nc6 Qg1+ 
55.Ng2 Qc5 56.Qxc5 Bxc5 57.e7 Bxe7 58.Nxe7+ Kf7 59.Nd5 Ke6 60.Ngf4+ Kd6 
61.Nd3 Ne6 62.N5f4 Nf8 63.Nd5 Ne6 64.Nf6 Kc6 65.Ne4 Kb6 66.Ne5 Nf8 67.Kf3 
Ka5 68.Ke3 Ne6 69.Nxg6 Kb4 70.Ne5 Ng7 71.Kd4 Nf5+ 72.Kd5 Ne3+ 73.Ke6 Ng2 
74.g6 Nf4+ 75.Kf7 Nxg6 76.Kxg6 Ka5 77.Kf7 Kb6 78.Ke7 Kc7 79.c5 Kc8 80.Nc3 
Kc7 81.Nd5+ Kc8 82.c6 Kb8 83.Kd7 Ka8 84.c7 Ka7 1-0

[Event "Continental"]
[Site "Sao Paulo BRA"]
[Date "2009.08.01"]
[Round "10.56"]
[White "Mandetta, Joao Danilo Grobman"]
[Black "Andrade, Roberto Luiz Costa"]
[Result "1/2-1/2"]
[WhiteElo "1987"]
[BlackElo "2251"]
[EventDate "2009.07.25"]
[PlyCount "47"]

1.d4 Nf6 2.c4 g6 3.Nc3 d5 4.cxd5 Nxd5 5.e4 Nxc3 6.bxc3 Bg7 7.Be3 c5 8.Qd2 
cxd4 9.cxd4 Nc6 10.Bb5 O-O 11.Ne2 Na5 12.O-O a6 13.Bd3 Re8 14.Rac1 b5 15.
Rc2 Bb7 16.Rfc1 Rb8 17.f3 e6 18.Kh1 Re7 19.Bf4 e5 20.Bg3 Rc8 21.Rxc8 Bxc8 
22.Rxc8 Qxc8 23.Qxa5 exd4 24.h3 1/2-1/2

[Event "Continental"]
[Site "Sao Paulo BRA"]
[Date "2009.08.01"]
[Round "10.57"]
[White "Ferreira, Kleber Victor"]
[Black "Markzon, Gregory"]
[Result "1/2-1/2"]
[WhiteElo "2094"]
[BlackElo "2231"]
[EventDate "2009.07.25"]
[PlyCount "32"]

1.e4 c5 2.Nc3 e6 3.f4 d5 4.Nf3 d4 5.Nb1 Nc6 6.Bb5 Bd7 7.O-O Nf6 8.d3 Be7 
9.a3 Na5 10.Bxd7+ Qxd7 11.Ne5 Qc7 12.Nd2 Nc6 13.Ndf3 O-O 14.b3 Nd7 15.Nxc6
Qxc6 16.Ne5 Qc7 1/2-1/2

[Event "Continental"]
[Site "Sao Paulo BRA"]
[Date "2009.08.01"]
[Round "10.58"]
[White "Ferreira, Euclides Roberto"]
[Black "Estrada Nieto, Julian"]
[Result "1-0"]
[WhiteElo "1960"]
[BlackElo "2332"]
[EventDate "2009.07.25"]
[PlyCount "107"]

1.e4 e5 2.Nf3 Nc6 3.d4 exd4 4.c3 d5 5.exd5 Qxd5 6.cxd4 Bb4+ 7.Nc3 Nf6 8.
Be2 Bg4 9.O-O Bxc3 10.bxc3 O-O 11.h3 Bh5 12.Be3 Rfe8 13.Rb1 Qxa2 14.Rxb7 
Nd5 15.Qd3 Bg6 16.Qb5 Nxc3 17.Bc4 Nxb5 18.Bxa2 a6 19.Bc4 Nd6 20.Rxc7 Nxc4 
21.Rxc6 Nxe3 22.fxe3 Rxe3 23.Ra1 Bd3 24.Rc3 Rae8 25.Raa3 Rxf3 26.gxf3 Bb5 
27.Ra2 Rd8 28.Rd2 Kf8 29.Rc7 Rd7 30.Rxd7 Bxd7 31.h4 Ke7 32.Kf2 Kd6 33.Rc2 
a5 34.Rc5 a4 35.Ra5 Bc6 36.Ke3 h6 37.f4 g6 38.Kd3 f6 39.Kc4 Bd7 40.Ra6+ 
Ke7 41.Kc5 Be8 42.Kd5 Bf7+ 43.Kc6 Ke6 44.d5+ Kf5 45.d6 Be8+ 46.d7 Bxd7+ 
47.Kxd7 g5 48.fxg5 hxg5 49.h5 g4 50.Ra5+ Kf4 51.h6 g3 52.h7 g2 53.Rxa4+ 
Kf3 54.Ra1 1-0

[Event "Continental"]
[Site "Sao Paulo BRA"]
[Date "2009.08.01"]
[Round "10.59"]
[White "Soto Vega, Jorge"]
[Black "Shiroma, Silvio Haruo"]
[Result "1-0"]
[WhiteElo "2341"]
[BlackElo "2119"]
[EventDate "2009.07.25"]
[PlyCount "57"]

1.e4 e5 2.Nf3 Nc6 3.Bb5 a6 4.Ba4 Nf6 5.O-O Be7 6.Re1 b5 7.Bb3 d6 8.c3 O-O 
9.h3 Na5 10.Bc2 c5 11.d4 Qc7 12.Nbd2 cxd4 13.cxd4 Bb7 14.Nf1 Rac8 15.Bb1 
exd4 16.Nxd4 Rfe8 17.Ng3 d5 18.e5 Bb4 19.Nh5 Nxh5 20.Bxh7+ Kxh7 21.Qxh5+ 
Kg8 22.Bf4 Bxe1 23.Rxe1 f6 24.Nf5 Re6 25.Re3 Qc1+ 26.Kh2 Qxe3 27.fxe3 fxe5
28.Qg4 Rc7 29.Nxg7 1-0

[Event "Continental"]
[Site "Sao Paulo BRA"]
[Date "2009.08.01"]
[Round "10.60"]
[White "Cuevas Araya, Walter"]
[Black "Bibiloni, Jorge Jaime"]
[Result "0-1"]
[WhiteElo "2317"]
[BlackElo "2109"]
[EventDate "2009.07.25"]
[PlyCount "68"]

1.d4 d5 2.c4 e6 3.Nf3 c5 4.cxd5 exd5 5.Nc3 Nc6 6.g3 Nf6 7.Bg2 Be7 8.O-O 
O-O 9.Bg5 cxd4 10.Nxd4 h6 11.Be3 Re8 12.Rc1 Bg4 13.h3 Bh5 14.Nf5 Bg6 15.
Nxe7+ Nxe7 16.Nb5 Nc6 17.Bf4 Re7 18.Re1 Ne4 19.Nd4 Qb6 20.e3 Qxb2 21.Nxc6 
bxc6 22.Rxc6 Qxf2+ 23.Kh2 Qxa2 24.Re2 Qa5 25.Rb2 Rd8 26.Qd4 Kh7 27.h4 Qe1 
28.Qb4 Qxb4 29.Rxb4 Nf6 30.Ra6 Rc8 31.Ra1 Ng4+ 32.Kg1 Nxe3 33.Bh3 Rc4 34.
Rb3 d4 0-1

[Event "Continental"]
[Site "Sao Paulo BRA"]
[Date "2009.08.01"]
[Round "10.61"]
[White "Souza, Marcos Valerio"]
[Black "Aranha Filho, Alvaro Zimmermann"]
[Result "0-1"]
[WhiteElo "2169"]
[BlackElo "2292"]
[EventDate "2009.07.25"]
[PlyCount "104"]

1.e4 c5 2.Nf3 Nc6 3.d4 cxd4 4.Nxd4 Nf6 5.Nc3 e5 6.Ndb5 d6 7.Bg5 a6 8.Na3 
b5 9.Nd5 Be7 10.Bxf6 Bxf6 11.c3 Bg5 12.Nc2 O-O 13.a4 bxa4 14.Rxa4 a5 15.
Bb5 Ne7 16.Ncb4 Nxd5 17.Nxd5 Be6 18.Bc4 Kh8 19.O-O Rc8 20.Qd3 f5 21.Rfa1 
fxe4 22.Qxe4 Bxd5 23.Bxd5 Qb6 24.Rf1 Qxb2 25.Qg4 Qb5 26.Rc4 Rxc4 27.Bxc4 
Qc5 28.Qxg5 Qxc4 29.Qe7 Rc8 30.Qxd6 Qxc3 31.Rd1 h6 32.h4 a4 33.g3 a3 34.
Qd2 Qxd2 35.Rxd2 Ra8 36.Ra2 Kg8 37.Kf1 Kf7 38.Ke2 Ke6 39.Ke3 Kd5 40.Kd3 
e4+ 41.Kc3 Ke5 42.Kc4 Kf5 43.Kd4 Ra4+ 44.Kd5 Ra6 45.Kd4 Ra5 46.Kc4 Kg4 47.
Kb4 Ra8 48.Kc4 Kf3 49.Kd4 Ra5 50.Kc4 h5 51.Kb4 Ra8 52.Kc4 e3 0-1

[Event "Continental"]
[Site "Sao Paulo BRA"]
[Date "2009.08.01"]
[Round "10.62"]
[White "Martins, Vinicius Tine"]
[Black "Azevedo, Alcides Alexandre"]
[Result "1-0"]
[WhiteElo "2250"]
[BlackElo "2105"]
[EventDate "2009.07.25"]
[PlyCount "61"]

1.e4 e6 2.d4 d5 3.Nc3 dxe4 4.Nxe4 Nd7 5.Nf3 Ngf6 6.Nxf6+ Nxf6 7.Bg5 Be7 8.
Bd3 O-O 9.Qe2 c5 10.O-O-O cxd4 11.h4 Qa5 12.Kb1 Rd8 13.Ne5 Qc7 14.f4 Rb8 
15.g4 b5 16.Bxf6 Bxf6 17.g5 Bxe5 18.fxe5 Bb7 19.Rhf1 Bd5 20.Rf4 Rb7 21.h5 
Qa5 22.b3 Qa3 23.g6 fxg6 24.hxg6 h6 25.Rdf1 Rb6 26.Qf2 Ra6 27.Rf7 Qxa2+ 
28.Kc1 Qa1+ 29.Kd2 Qc3+ 30.Ke2 Qc5 31.Rxg7+ 1-0

[Event "Continental"]
[Site "Sao Paulo BRA"]
[Date "2009.08.01"]
[Round "10.63"]
[White "Borges, Leomar Barbero"]
[Black "Mata, Luis Carlos da"]
[Result "1-0"]
[WhiteElo "2242"]
[BlackElo "2079"]
[EventDate "2009.07.25"]
[PlyCount "77"]

1.d4 Nf6 2.Nf3 e6 3.Bg5 c5 4.c3 Qb6 5.Qb3 Nc6 6.e3 Nh5 7.Na3 d5 8.Qxb6 
axb6 9.Nb5 Kd7 10.Be2 h6 11.Bh4 g5 12.Nd2 gxh4 13.Bxh5 Rg8 14.Bxf7 Rxg2 
15.Bxe6+ Kd8 16.Bxd5 Rg5 17.Be4 Bd7 18.Nf3 Rg4 19.Bd3 h3 20.Ke2 Na5 21.Ne5
c4 22.Bc2 Rg5 23.Nxd7 Kxd7 24.a4 Be7 25.Rhg1 Rag8 26.Rg3 h5 27.Bf5+ Kd8 
28.Rag1 Rxg3 29.Rxg3 Rf8 30.Bxh3 Bh4 31.Rf3 Rg8 32.Rf7 Rg1 33.Rd7+ Ke8 34.
Nd6+ Kf8 35.Rf7+ Kg8 36.Be6 Kh8 37.Rf5 Be7 38.Rxh5+ Kg7 39.Nf5+ 1-0

[Event "Continental"]
[Site "Sao Paulo BRA"]
[Date "2009.08.01"]
[Round "10.64"]
[White "D`Israel, Davy Maurice"]
[Black "Silva, Sergio"]
[Result "1-0"]
[WhiteElo "2240"]
[BlackElo "2072"]
[EventDate "2009.07.25"]
[PlyCount "46"]

1.d4 Nf6 2.c4 c5 3.d5 b5 4.cxb5 a6 5.bxa6 g6 6.Nc3 Bxa6 7.g3 d6 8.Bg2 Bg7 
9.Nh3 O-O 10.O-O Nbd7 11.Qc2 Ra7 12.Rb1 Qa8 13.b3 Rb8 14.Rd1 Ne8 15.Nf4 
Nc7 16.a4 Rab7 17.Bd2 Ne5 18.Be1 Rb6 19.Ne4 Qb7 20.Nxc5 dxc5 21.d6 Qa7 22.
dxc7 Rf8 23.Qxc5 Rb7 1-0

[Event "Continental"]
[Site "Sao Paulo BRA"]
[Date "2009.08.01"]
[Round "10.65"]
[White "Utiyama, Marcel Heimar Ribeiro"]
[Black "Ramon Pita, Vivian"]
[Result "0-1"]
[WhiteElo "2146"]
[BlackElo "2233"]
[EventDate "2009.07.25"]
[PlyCount "142"]

1.e4 e5 2.Nf3 Nc6 3.Bb5 a6 4.Ba4 Nf6 5.O-O b5 6.Bb3 Be7 7.Re1 d6 8.c3 O-O 
9.h3 Nb8 10.d4 Nbd7 11.Nbd2 Bb7 12.Bc2 c5 13.Nf1 Re8 14.Ng3 g6 15.d5 c4 
16.a4 Nc5 17.Bh6 Qc7 18.Qd2 Nfd7 19.Ra3 Nb6 20.axb5 axb5 21.Rea1 Rxa3 22.
Rxa3 Ra8 23.Rxa8+ Nxa8 24.Be3 Bf8 25.Qc1 Nb6 26.Nd2 Bc8 27.Qa1 Bd7 28.Kh2 
Nba4 29.Qc1 Qc8 30.Nb1 Be7 31.Na3 Qd8 32.f4 exf4 33.Bxf4 Be8 34.Ne2 Bf6 
35.Nd4 Qb6 36.Be3 Qa6 37.Kh1 Be5 38.Nf3 Bg7 39.Bd4 Qb7 40.Bxa4 Nxa4 41.Qf4
Qe7 42.Bxg7 Kxg7 43.e5 Nxb2 44.exd6 Qf6 45.Qe5 Bd7 46.Qe7 Qxe7 47.dxe7 Kf6
48.d6 Ke6 49.Nxb5 Bxb5 50.Nd4+ Kxd6 51.Nxb5+ Kxe7 52.Kg1 Ke6 53.Kf2 Kd5 
54.Ke3 Na4 55.Kd2 Nc5 56.Na3 Ne4+ 57.Kc2 Nd6 58.Kd2 Ke4 59.Ke2 f5 60.Nb1 
g5 61.Nd2+ Kd5 62.Kf3 Ne4 63.Nxe4 fxe4+ 64.Ke3 Ke5 65.Kf2 Kf4 66.g3+ Kf5 
67.Ke3 Ke5 68.Ke2 h5 69.Ke3 Kf5 70.Kd4 h4 71.gxh4 gxh4 0-1